000 00421nam a2200133Ia 4500
008 150220s9999 xx 000 0 und d
020 _a9832974208
050 _b.N576 2005
100 _aNg, May Yee.
245 _aKnow your surroundings banks and offices :
_cMay Yee Ng.
260 _aMalaysia :
_bFirefly Publications,
_c2005
300 _a45 pages :
_bColored, Illustration ;
_c31 cm.
440 _aKnow Your Surroundings.
999 _c283082
_d283082